| 000 | 00678cam a2200145 4500500 | ||
|---|---|---|---|
| 005 | 20260208010423.0 | ||
| 041 | _afre | ||
| 042 | _adc | ||
| 100 | 1 | 0 |
_aPons, Nicole _eauthor |
| 245 | 0 | 0 | _aConsilium. Teorie e pratiche del consigliare nella cultura medievale, sous la dir. de Carla CASAGRANDE, Chiara CRISCIANI et Silvana VECCHIO, Florence, SISMEL-Edizioni del Galluzzo, 2004 ; 1 vol., X-346 p. (Micrologus’ Library, 10). ISBN : 88-8450-120-2. Prix : €52,00 |
| 260 | _c2005. | ||
| 500 | _a4 | ||
| 786 | 0 | _nLe Moyen Age | CXI | 2 | 2005-09-01 | p. L-L | 0027-2841 | |
| 856 | 4 | 1 | _uhttps://shs.cairn.info/revue-le-moyen-age-2005-2-page-L?lang=fr&redirect-ssocas=7080 |
| 999 |
_c1656445 _d1656445 |
||